000 01082nam a22002657a 4500
005 20101206113148.0
008 101206t xxu||||| |||| 00| 0 hin d
010 _aHIN-93256
020 _c250.00
_a9788188214949
035 _aHN-65602
037 _bDBAD/PUB
040 _aDPL
_bHN
082 _a181.45
100 _924598
_aसिंह, मीरा
245 _aश्रीमद्भगवद्गीता और तिरूक्कुरलःएक नवीन विवेचन /
_cमीरा सिंह
260 _aइलाहाबाद
_bविभा प्रकाशन
_c2010
270 _bइलाहाबाद
_a50, चाहचन्द
_e3
300 _a183पृ.
_c22सेमी (सजिल्द)
650 _91169
650 _929580
700 _924599
700 _924924
942 _2ddc
_cHN
_mसिंहमी
_h181.45
999 _c53993
_d53993